000 00660nam a22002177a 4500
005 20170124110006.0
010 _a859421
020 _c35.00
035 _a859421
037 _bCen Lib/Ret
040 _aDPL
_bEN
082 _a381.6
_bBAL
100 _aBalagopal, T. A. S.
_916842
245 _aExport management /
_cby T. A. S. Balagopal
260 _aBombay
_bHimalaya Publishing House
_c1977
270 _bBombay
_a4/A-16, Sangeeta, 71 Juhu Road
_e400054
300 _aviii, 335p. :
_c18cm(Hb)
_bill.
650 _aExport finance.
_916843
650 _aExport policy,promotion and regulations.
_916844
942 _2ddc
_cEN
_h381.6
_mBAL
999 _c126179
_d126179